Zala Art Építész Iroda Kft bemutatása, gazdálkodásának elemzése és fejlesztési javaslat készítése
| Main Author: | |
|---|---|
| Other Authors: | |
| Format: | Thesis |
| Kulcsszavak: | Zala Art Kft Szolgáltatás Gazdálkodás SWOT analízis Felmérés Jövőkép Elemzés |
| Online Access: | http://dolgozattar.uni-bge.hu/54405 |
MARC
| LEADER | 00000nta a2200000 i 4500 | ||
|---|---|---|---|
| 001 | dolg54405 | ||
| 005 | 20250701134323.0 | ||
| 008 | 240621suuuu hu om 000 hun d | ||
| 040 | |a BGE Dolgozattár Repozitórium |b hun | ||
| 041 | |a hu | ||
| 100 | 1 | |a Czigány István | |
| 245 | 1 | 0 | |a Zala Art Építész Iroda Kft bemutatása, gazdálkodásának elemzése és fejlesztési javaslat készítése |c Czigány István |h [elektronikus dokumentum] |
| 695 | |a Zala Art Kft | ||
| 695 | |a Szolgáltatás | ||
| 695 | |a Gazdálkodás | ||
| 695 | |a SWOT analízis | ||
| 695 | |a Felmérés | ||
| 695 | |a Jövőkép | ||
| 695 | |a Elemzés | ||
| 700 | 1 | |a Medvéné Szabad Katalin |e ths | |
| 856 | 4 | 0 | |u http://dolgozattar.uni-bge.hu/54405/1/Czig%C3%A1ny%20Istv%C3%A1n.pdf |z Dokumentum-elérés |